000 01843nam a2200421 c 4500
003 BLK
005 20250128005508.0
008 180411b bul|||||r ||||||| ||bul||
010 _aKNG00207096000
020 _a978-619-01-0035-5
_bиздат.: Изток-Запад
040 _aBLK
041 _aBUL
_cBUL
072 7 _2bullib
_aН32
_xПолитика Н
080 _aМеждународни политически отношения. Световна политика. Международна политика. Дипломация
_b327
_x(497.2:569.1)
_z327(497.2:569.1)
100 1 _aФилипова, Надя Димитрова
_eпърви автор
_9302718
139 _aФилипова, Надя Димитрова
_bФ 50
245 1 0 _aБългария и Сирия в "Ерата Асад"
_bМоногр.
_cНадя Димитрова Филипова.
257 _aBGR
260 София
_bИзток-Запад
_c2017
300 _a524 с.
_c24 см
380 _a3
500 _aСъдържа и за авт. - Библиогр. с. 500-519.
650 4 _aВъншна политика - България
_9245367
650 4 _aБългария и Сирия
_9348006
650 4 _aМеждународни отношения - Близък Изток
_9285446
650 7 _aБългария - външна политика
_2
_9149489
651 4 _aБългария
_9241624
651 4 _aСирия
_9179545
653 _aвъншна политика
653 _aмеждународни политически отношения
659 _aН
852 _aЦб 285857
856 4 _qpdf
_u
856 4 _qpdf
_u
942 _cKNG
_n0
_02
944 _aCR
_c27.05.2017
_lCRON CRON
_k
944 _aED
_c21.11.2017
_lф /
_kПенка_Димитрова
999 _c197807
_d197807